000 00700nam a2200241Ia 4500
003 OSt
005 20220926011151.0
006 a|||||r|||| 00| 0
007 ta
008 220923b |||||||| |||| 00| 0 eng d
037 _cGeneral Book
040 _aRTL
_cRTL
_beng
041 _2eng
_aeng
082 _aX:8:(S:44), MO
100 _aFabrycky W J
_9127517
245 0 _aEconomic decision analysis
250 _a2nd
260 _aNew Jersey
_bPrentice-Hall
_c1980
300 _axii, 431p. Bibliography p 418-20, Appendix p 375-417
_ccm.
700 _a Thuesen G J
_9127518
942 _hX:8:(S:44), MO
_cGB
_2CC
999 _c619248
_d619248